Recuerdo de Tasco : situación, datos históricos, lo que hay que ver, los alrededores = Souvenir of Tasco : Situation, Historical Data, What is to be Seen, Sorroundings /
Este "Recuerdo de Tasco" tiene la intención de reunir los datos principales de la población en una forma sintética, presentando además el croquis de la ciudad.
Gorde:
| Egile nagusia: | |
|---|---|
| Formatua: | Liburua |
| Hizkuntza: | gaztelania |
| Argitaratua: |
México :
edición de autor,
1934, c1934
|
| Gaiak: | |
| Etiketak: |
Etiketarik gabe, Izan zaitez lehena erregistro honi etiketa jartzen!
|
MARC
| LEADER | 00000nam^a2200000^a^4500 | ||
|---|---|---|---|
| 001 | 000136665 | ||
| 005 | 20250521000000.0 | ||
| 009 | 20260310095326.381 | ||
| 037 | |a Acervo ITESO - Biblioteca | ||
| 041 | |a ESP | ||
| 082 | |a 972. 737 |b FER | ||
| 100 | |a Fernández, Justino |e (autor) | ||
| 245 | 1 | 0 | |a Recuerdo de Tasco : |b situación, datos históricos, lo que hay que ver, los alrededores = Souvenir of Tasco : Situation, Historical Data, What is to be Seen, Sorroundings / |c F. Fernández. |
| 264 | 4 | |a México : |b edición de autor, |c 1934, c1934 | |
| 300 | |a 1 folleto (9 p.) | ||
| 336 | |a texto |b txt |2 rdacontenido | ||
| 337 | |a sin mediación |b n |2 rdamedio | ||
| 338 | |a volumen |b nc |2 rdasoporte | ||
| 520 | |a Este "Recuerdo de Tasco" tiene la intención de reunir los datos principales de la población en una forma sintética, presentando además el croquis de la ciudad. | ||
| 546 | |a Edición bilingüe español-inglés | ||
| 649 | |a XX | ||
| 650 | |a Taxco, Guerrero - |x Descripción | ||
| 650 | |a Taxco, Guerrero - |x Historia | ||
| 650 | |a Guerrero - |x Descripción | ||
| 650 | |a Guerrero - |x Historia | ||
| 650 | |a México - |x Descripción | ||
| 650 | |a México - |x Historia | ||
| 910 | |a Fondo Salvador Reynoso Reynoso | ||
| 920 | |a Impresos - Libros | ||
| 930 | |a Fondos Especiales | ||
| 905 | |a 112 | ||
| 901 | |a 0800013832 |b IT2 |c ESP |u 20250521 | ||
| 902 | |a https://opac.biblio.iteso.mx/vufind/Record/000136665 | ||